000 00605nam a2200181Ia 4500
003 LK-CoDNM
008 010623t2005 xxu||||| |||| 00| 1 sin d
040 _aLK-CoDNM
_dLK-CoDNM
_eLK-CoDNM
041 _asin
080 _a902 ANU
100 _aAnuradha,R.K.S
245 _aපෞරාණික ස්ථාන හා ස්මාරක,කුරුණෑගල දිස්ත්‍රික්කය
246 _aPauranika Sthana ha Smaraka : Kurunegala District
260 _bDepartment of Archaeology
_aColombo
_c2005
300 _b80p,pl, 21 cm
700 _aKumari,Ajantha Saman
942 _cBK
999 _c124871
_d124871